000 00399nam a2200145 i 4500
001 bg
245 0 _aĆwiczenia laboratoryjne z dynamiki maszyn :
_bopracowanie zbiorowe /
_cpod red. K. Szabelskiego.
260 _aLublin,
_c1980.
700 1 _aSZABELSKI, Kazimierz.
_eRed.
040 _cBPK
041 _apol
080 _a621.01(075.8)
942 _cKS
008 s pl f |000 0 pol
999 _c19493
_d19493
856 _uhttp://koha.tu.koszalin.pl/cgi-bin/koha/opac-detail.pl?biblionumber=19493
_yKatalog online BPK